| 000 | 00670nam a2200253Ia 4500 | ||
|---|---|---|---|
| 005 | 20250425162431.0 | ||
| 008 | 250425s9999 xx 000 0 und d | ||
| 020 | _a9780880000000 | ||
| 041 | _aeng | ||
| 082 | _a658.421 | ||
| 100 | _aHARVARD BUSINESS, REVIEW PAPERBACK | ||
| 245 | 0 | _aHARVARD BUSINESS REVIEW ON ENTREPRENEURSHIP | |
| 250 | _a1A ED. | ||
| 260 | _aBOSTON | ||
| 260 |
_aEstados Unidos _bHARVARD BUSINESS SCHOOL PRESS _c1999 |
||
| 300 | _a217 | ||
| 650 | _aADMINISTRACION EMPRESARIAL | ||
| 650 | _aESTRATEGIAS | ||
| 650 | _aFINANZAS | ||
| 650 | _aNEGOCIOS | ||
| 710 | _aHARVARD BUSINESS REVIEW PAPERBACK | ||
| 942 | _c01 | ||
| 010 | _a73558 | ||
| 999 |
_c229128 _d229128 |
||